Library of the University of Algiers 3
Ibrahim Sultan Cheibout
شعار جامعة الجزائر 3
مكتبة جامعة الجزائر 3
إبراهيم سلطان شيبوط

الوجيز في شرح القانون الدولي الخاص : (رقم التسجيلة. 42360)

تفاصيل مارك
000 -LEADER
fixed length control field 02043nam a2200217Ia 4500
003 - CONTROL NUMBER IDENTIFIER
control field Ost
005 - DATE AND TIME OF LATEST TRANSACTION
control field 20260507075028.0
008 - FIXED-LENGTH DATA ELEMENTS--GENERAL INFORMATION
fixed length control field 260507s9999||||xx |||||||||||||| ||und||
040 ## - CATALOGING SOURCE
Transcribing agency fsecg
041 ## - LANGUAGE CODE
Language code of text/sound track or separate title ara
082 ## - DEWEY DECIMAL CLASSIFICATION NUMBER
Classification number 340
100 ## - MAIN ENTRY--PERSONAL NAME
Personal name المصري، محمد وليد
Relator term مؤلف
245 #0 - TITLE STATEMENT
Title الوجيز في شرح القانون الدولي الخاص :
Remainder of title دراسة مقارنة للقانون الأردني مع التشريعات العربية والقانون الفرنسي /
Statement of responsibility, etc. محمد وليد المصري
260 ## - PUBLICATION, DISTRIBUTION, ETC.
Place of publication, distribution, etc. عمان:
Name of publisher, distributor, etc. دار مكتبة حامد,
Date of publication, distribution, etc. 2002
300 ## - PHYSICAL DESCRIPTION
Extent 432 صفحة؛
Other physical details إيضاحات ؛
Dimensions 24 سم
520 ## - SUMMARY, ETC.
Summary, etc. التعريف بالقانون الدولي الخاص، تنازع الإختصاص التشريعي، تاريخ تنازع القوانين ومفهومه، قواعد تنازع القوانين، المبادئ المتبعة لحل تنازع القوانين، القواعد الأردنية لتنازع القوانين، قواعد الإسناد المتعلقة بالأحوال الشخصية، قواعد الإسناد المتعلقة بالاموال، الإلتزامات التعاقدية، الإلتزمات غير التعاقدية، قواعد الإسناد المتعلقة بشكل التصرفات القانونية، تطبيق القانون الأجنبي، دور القاضي في أعمال قاعدة الإسناد، حالات إستبعاد القانون الأجنبي، النظام العام الدولي، الدفع بالإحتيال على القانون، تنازع الإختصاص القضائي الدولي، الإختصاص القضائي الدولي الأردني، أصول المحاكمات ذات العنصر الاجنبي، تنفيذ الأحكام الأجنبية في المملكة الأردنية الهاشمية
653 ## - INDEX TERM--UNCONTROLLED
Uncontrolled term القانون الخاص المقارن
653 ## - INDEX TERM--UNCONTROLLED
Uncontrolled term القانون الدولي الخاص
653 ## - INDEX TERM--UNCONTROLLED
Uncontrolled term القانون الدولي- الأردن
942 ## - ADDED ENTRY ELEMENTS (KOHA)
Koha item type كتب
المقتنيات
Withdrawn status Lost status Source of classification or shelving scheme Damaged status Not for loan Home library Current library Date acquired Serial enumeration / chronology Inventory number Total checkouts Full call number Barcode Date last seen Price effective from Koha item type
    Dewey Decimal Classification   NOT LOAN / إعارة داخلية مكتبة كلية العلوم الإقتصادية والعلوم التجارية وعلوم التسيير مكتبة كلية العلوم الإقتصادية والعلوم التجارية وعلوم التسيير 07/05/2026 الطابق الأرضي 1/201   أ/201ن1 1/201 07/05/2026 07/05/2026 كتب
    Dewey Decimal Classification   Available مكتبة كلية العلوم الإقتصادية والعلوم التجارية وعلوم التسيير مكتبة كلية العلوم الإقتصادية والعلوم التجارية وعلوم التسيير 07/05/2026 الطابق الثاني 2/201   أ/201ن2 2/201 07/05/2026 07/05/2026 كتب
    Dewey Decimal Classification   Available مكتبة كلية العلوم الإقتصادية والعلوم التجارية وعلوم التسيير مكتبة كلية العلوم الإقتصادية والعلوم التجارية وعلوم التسيير 07/05/2026 الطابق الثاني 3/201   أ/201ن3 3/201 07/05/2026 07/05/2026 كتب

موارد الويب المفتوحة


© University of Algiers 3 All Rights Reserved
|
Implemented by LECHELAH Riad